00472pab a2200169 454500008004000000100002000040245008100060260000900141300001500150362000800165650002100173650001800194650001600212650002600228700002300254773002500277180718b2011 xxu||||| |||| 00| 0 eng d aLewis, James H. aRace and regionalism: The structure of local government and racial disparity c2011 ap.349-384. aMay aLocal government aEthnic groups aRegionalism aRacial discrimination aHamilton, David K. aUrban Affairs Review